[Event "Autumn Open"]
[Site "Venice ITA"]
[Date "2005.11.01"]
[Round "6"]
[White "Faccia,S"]
[Black "Bianchi,An"]
[Result "1-0"]
[WhiteElo "2004"]
[BlackElo "2160"]

1.e4 d6 2.d4 Nf6 3.Nc3 e5 4.Nf3 Nbd7 5.Bc4 Be7 6.Ng5 O-O 7.Bxf7+ Rxf7 8.Ne6 Qe8
9.Nxc7 Qd8 10.Nxa8 b6 11.dxe5 dxe5 12.Nd5 Nxe4 13.Nxe7+ Qxe7 14.Be3 Ndc5
15.b4 Ne6 16.O-O Bb7 17.Nxb6 axb6 18.a3 Nf4 19.Bxf4 Rxf4 20.f3 Nd6 21.Qd2 Nc4
22.Qd3 Qg5 23.Rad1 Rd4 24.Qb3 Bd5 25.Rxd4 exd4 26.Qd3 Ne5 27.Qb5 Bc6 28.Qe2 Qe3+
29.Rf2 Qc1+ 30.Rf1 Qe3+ 31.Rf2 h5 32.h3 Qc1+ 33.Rf1 Qe3+ 34.Rf2 Qf4 35.Rf1 Kf7
36.Re1 Kf6 37.a4 Qg3 38.Rf1 Bxa4 39.Qa6 Bxc2 40.Qxb6+ Kf5 41.Qxd4 Qf4 42.Qc5 Qc4
43.Qf8+ Kg6 44.Qd6+ Kf5 45.Qf8+ Kg6 46.Qd6+ Kf5 47.g4+ Kf4 48.Qd2+ Kg3 49.Qf2+ Kf4
50.Qh2+ Kg5 51.Qxe5+ Kh4 52.Qxh5+ Kg3 53.Qe5+ Kh4 54.Kg2 g6 55.Qf6+  1-0

[Event "Autumn Open"]
[Site "Venice ITA"]
[Date "2005.11.01"]
[Round "6"]
[White "Gallo,E"]
[Black "Ventura,S"]
[Result "1-0"]
[WhiteElo "2113"]
[BlackElo "2100"]

1.e4 d6 2.d4 Nf6 3.Nc3 c6 4.f4 Qa5 5.Bd3 e5 6.Nf3 Bg4 7.dxe5 dxe5 8.O-O Nbd7
9.h3 Bc5+ 10.Kh1 h5 11.Qe1 Bxf3 12.Rxf3 b5 13.Bd2 Qc7 14.a4 b4 15.Ne2 a5
16.c3 Rb8 17.Rc1 Qa7 18.cxb4 axb4 19.b3 Ng4 20.Rc4 Ndf6 21.g3 h4 22.Kg2 Rd8
23.Nc1 Nf2 24.Rxc5 Qxc5 25.Qxf2 Qxf2+ 26.Kxf2 hxg3+ 27.Kxg3 exf4+ 28.Kxf4 c5
29.Ke3 Rh4 30.Be1 Rh5 31.Ne2 Re5 32.Bg3 Re7 33.Bh4 c4 34.bxc4 Red7 35.Nf4 b3
36.Bxf6 gxf6 37.Nd5 Kf8 38.Rxf6 Rb8 39.Rb6 Rxb6 40.Nxb6 Rd6 41.c5 Rh6 42.Nd5 Rxh3+
43.Kd4 Ke8 44.Nc3 Kd8 45.e5 Kc7 46.Be4 b2 47.Kc4 Rh4 48.Kd3 Kb8 49.Kc2 Rh5
50.Kxb2 Rxe5 51.c6 f5 52.Bg2 f4 53.Kb3 Re3 54.Kb4 Rg3 55.Bd5 Re3 56.Nb5 f3
57.Ka5 f2 58.Kb6 Re7 59.Bg2 Rb7+ 60.Kc5 Rh7 61.a5 Rh2 62.Kb6 Rxg2 63.c7+ Kc8
64.Na7+ Kd7 65.c8=Q+  1-0

[Event "9th Bavarian Open"]
[Site "Bad Wiessee GER"]
[Date "2005.11.02"]
[Round "5"]
[White "Sill,T"]
[Black "Wunderer,E"]
[Result "1/2-1/2"]
[WhiteElo "2262"]
[BlackElo "2148"]

1.e4 d6 2.d4 Nf6 3.Nc3 c6 4.a4 Nbd7 5.Nf3 e5 6.Bc4 Be7 7.O-O O-O 8.Re1 Qc7
9.Bg5 b6 10.d5 c5 11.Qe2 a6 12.Rab1 Re8 13.b4 Nf8 14.b5 a5 15.h3 Ng6 16.Nh2 h6
17.Bd2 Nh7 18.Qh5  1/2-1/2

[Event "Corsica Masters KO"]
[Site "Bastia FRA"]
[Date "2005.11.03"]
[Round "1.3"]
[White "Fressinet,L"]
[Black "Bologan,V"]
[Result "1-0"]
[WhiteElo "2624"]
[BlackElo "2682"]

1.e4 d6 2.d4 Nf6 3.Nc3 e5 4.Nge2 g6 5.f3 Bg7 6.Be3 exd4 7.Nxd4 c6 8.Qd2 d5
9.e5 Nfd7 10.e6 Nf6 11.exf7+ Kxf7 12.O-O-O Re8 13.Bh6 Qe7 14.Kb1 Kg8 15.Nb3 Nbd7
16.Bd3 Ne5 17.Rhe1 Bxh6 18.Qxh6 Qf8 19.Qh4 Nxd3 20.Rxe8 Nxe8 21.Rxd3 Ng7
22.Qf2 b6 23.Rd1 Bd7 24.Nd4 Re8 25.a3 Qe7 26.Qg3 Nf5 27.Nxf5 Bxf5 28.Qf4 Qf7
29.Qd6 Qe6 30.Qc7 Qd7 31.Qf4 Qe7 32.g4 Be6 33.h4 Qf7 34.Qg3 Rf8 35.h5 Qxf3
36.Qd6 Bf7 37.h6 Qe3 38.Qxc6 Qxh6 39.Nxd5 Qg5 40.Nc3 Qxg4 41.Qc7 Qf5 42.Qxa7 Bb3
43.Rc1 Re8 44.Qxb6 Bxc2+ 45.Ka1 h5 46.Qd6 h4 47.Nd5 Re6 48.Ne7+ Rxe7 49.Qxe7 h3
50.Qd8+ Qf8 51.Qxf8+ Kxf8 52.Rxc2 g5 53.Rh2 g4 54.a4 Ke7 55.a5 Kd6 56.b4 Kc6
57.Kb2 Kb5 58.Kb3 Ka6 59.Ka4  1-0

[Event "Corsica Masters KO"]
[Site "Bastia FRA"]
[Date "2005.11.03"]
[Round "1.6"]
[White "Fressinet,L"]
[Black "Bologan,V"]
[Result "1-0"]
[WhiteElo "2624"]
[BlackElo "2682"]

1.e4 d6 2.d4 Nf6 3.Nc3 e5 4.Nge2 g6 5.f3 Bg7 6.Be3 O-O 7.Qd2 exd4 8.Nxd4 d5
9.e5 Nfd7 10.e6 Ne5 11.exf7+ Nxf7 12.O-O-O c5 13.Nb3 d4 14.Bc4 Qe8 15.Nxd4 cxd4
16.Bxd4 Bxd4 17.Qxd4 Nc6 18.Qd2 Ne5 19.Bd5 Nd7 20.Rhe1 Qd8 21.Be6 Qh4 22.Bxd7 Bxd7
23.Qxd7 Qxh2 24.Ne4 Qf4+ 25.Kb1 Rad8 26.Qa4 a6 27.Qb4 b5 28.Qc3 Rxd1+ 29.Rxd1 Qe5
30.Qc6 Ng5 31.Nc3 Qe6 32.Qd5 Qxd5 33.Nxd5 Ne6 34.c3 h5 35.Re1 Kf7 36.Kc2 g5
37.Re5 Rg8 38.Re4 h4 39.a4 Rd8 40.Ne3 Nf4 41.axb5 axb5 42.Re5 Re8 43.Rxg5 Rxe3
44.Rf5+ Kg6 45.Rxf4 Re2+ 46.Kb3 Rxg2 47.Rxh4 Rg5 48.Rg4  1-0

[Event "Autumn Open"]
[Site "St Petersburg RUS"]
[Date "2005.11.03"]
[Round "6"]
[White "Malakhov,I"]
[Black "Nikitinyh,B"]
[Result "0-1"]
[WhiteElo "2177"]
[BlackElo "2259"]

1.e4 d6 2.d4 Nf6 3.Nc3 c6 4.f4 Qc7 5.Nf3 Bg4 6.h3 Bxf3 7.Qxf3 e5 8.dxe5 dxe5
9.fxe5 Qxe5 10.Bf4 Qe6 11.O-O-O Be7 12.e5 Nfd7 13.Qg3 g5 14.Be3 Qxe5 15.Qf3 O-O
16.Bd3 Qg7 17.Bd4 Bf6 18.Bxf6 Nxf6 19.Rhf1 Nbd7 20.Ne4 Nxe4 21.Bxe4 Ne5 22.Qh5 Rae8
23.Rf6 Re6 24.Rxe6 fxe6 25.Re1 h6 26.h4 gxh4 27.Qxh4 Qg5+ 28.Qxg5+ hxg5 29.Bh7+ Kxh7
30.Rxe5 Rf1+ 31.Kd2 Rf2+ 32.Kd3 Rxg2 33.Rxe6 g4 34.Re7+ Kh6 35.Rxb7 Rf2 36.Rb4 Kh5
37.Rb8 g3 38.Rg8 Kh4 39.b4 Kh3 40.Rh8+ Kg4 41.a4 g2 42.Rg8+ Kf3 43.Rf8+ Kg3
44.Rg8+ Kh2 45.Rh8+ Kg1 46.Rg8 Kf1 47.c4 Rf4  0-1

[Event "9th Bavarian Open"]
[Site "Bad Wiessee GER"]
[Date "2005.11.04"]
[Round "7"]
[White "Hedke,F"]
[Black "Kastek,T"]
[Result "1-0"]
[WhiteElo "2339"]
[BlackElo "2209"]

1.e4 d6 2.d4 Nf6 3.Nc3 e5 4.Nf3 Nbd7 5.h3 Be7 6.Be3 c6 7.a4 a5 8.Bc4 O-O
9.Ba2 Qc7 10.O-O h6 11.Nh4 Re8 12.Nf5 Bf8 13.f4 exd4 14.Bxd4 g6 15.Nh4 Bg7
16.Qd3 Nf8 17.e5 Nd5 18.Bxd5 cxd5 19.Nb5 Qe7 20.Nxd6 Qxh4 21.Nxe8 Bf5 22.Qb5 Bd7
23.Nf6+ Bxf6 24.Qxb7 Rc8 25.exf6 Rxc2 26.Rf2 Rxf2 27.Bxf2 Qxf4 28.Qxd5 Qxf6
29.Bd4 Qe6 30.Qxe6 Nxe6 31.Bb6 Nf4 32.Bxa5 Bc6 33.Bc7  1-0

[Event "2nd Bundesliga Mitte 2005-6"]
[Site "Austria AUT"]
[Date "2005.11.05"]
[Round "3"]
[White "Schachinger,M"]
[Black "Stuhlik,M"]
[Result "1-0"]
[WhiteElo "2232"]
[BlackElo "2261"]

1.e4 d6 2.d4 Nf6 3.Nc3 c6 4.f4 Qa5 5.e5 Ne4 6.Nf3 Bg4 7.Be2 Nxc3 8.Qd2 d5
9.bxc3 e6 10.O-O Nd7 11.h3 Bxf3 12.Rxf3 g6 13.c4 Qxd2 14.Bxd2 dxc4 15.Bxc4 Nb6
16.Be2 O-O-O 17.Be3 Bb4 18.Bf2 Na4 19.Rb3 Bc3 20.Rab1 b5 21.Bxb5 cxb5 22.Rxb5 Bxd4
23.Bxd4 Rxd4 24.Rb8+ Kc7 25.Rxh8 Rxf4 26.Ra8 Nc3 27.Rxa7+ Kc6 28.Rbb7 Ne2+
29.Kh2 h5 30.Rxf7 Re4 31.g3 Rxe5 32.a4 Re3 33.Rf6 g5 34.Ra6+ Kd5 35.Ra5+ Kc4
36.Rxg5  1-0

[Event "2nd Bundesliga Mitte 2005-6"]
[Site "Austria AUT"]
[Date "2005.11.05"]
[Round "3"]
[White "Kreisl,R"]
[Black "Hebesberger,T"]
[Result "1/2-1/2"]
[WhiteElo "2288"]
[BlackElo "2317"]

1.d4 d6 2.e4 Nf6 3.Nc3 e5 4.f4 Bg4 5.Be2 exd4 6.Bxg4 Nxg4 7.Qxg4 dxc3 8.Ne2 cxb2
9.Bxb2 Nd7 10.O-O-O Qe7 11.Nd4 O-O-O 12.Rhe1 f6 13.e5 h5 14.Qh3 fxe5 15.Nf5 Qf7
16.fxe5 dxe5 17.Rxe5 g6 18.Red5 Rh7 19.Ne3 Bh6 20.Kb1 Qf4 21.R5d3 c6  1/2-1/2

[Event "ch-Africa"]
[Site "Lusaka ZAM"]
[Date "2005.11.05"]
[Round "1"]
[White "Cawdery,D"]
[Black "El Taher,F"]
[Result "1/2-1/2"]
[WhiteElo "2229"]
[BlackElo "2482"]

1.e4 d6 2.d4 Nf6 3.Nc3 Nbd7 4.Nf3 e5 5.Bc4 Be7 6.O-O O-O 7.Re1 c6 8.a4 b6
9.Qe2 a6 10.dxe5 dxe5 11.Nh4 Nc5 12.Nf5 Be6 13.b4 Bxf5 14.exf5 Ncd7 15.Rb1 b5
16.Bd3 Re8 17.Qf3 Rc8 18.Ne4 Nb6 19.axb5 cxb5 20.Qg3 Nbd5 21.Bh6 Bf8 22.Bg5 Qb6
23.Nxf6+  1/2-1/2

[Event "TCh-NED 2005-6"]
[Site "Netherlands NED"]
[Date "2005.11.05"]
[Round "3"]
[White "Ondersteijn,N"]
[Black "Bosboom Lanchava,T"]
[Result "1-0"]
[WhiteElo "2289"]
[BlackElo "2389"]

1.e4 d6 2.d4 Nf6 3.Nc3 Nbd7 4.f4 e5 5.Nf3 exd4 6.Qxd4 g6 7.e5 c5 8.Qa4 Ng4
9.h3 Nh6 10.Ne4 Qb6 11.Bd2 a5 12.Bb5 Kd8 13.Nxd6 Bxd6 14.exd6 Re8+ 15.Ne5 Nxe5
16.Bxe8 Nd7 17.Qe4 Nf5 18.Bxd7 Bxd7 19.O-O-O Nxd6 20.Qd5 Be6 21.Bxa5 Rxa5
22.Qxd6+ Qxd6 23.Rxd6+ Kc7 24.Rd3 Ra4 25.g3 Rxa2 26.Ra3 Rxa3 27.bxa3 h5 28.Kd2 Kc6
29.h4 b5 30.Kc3 Bd5 31.Re1 Be6 32.Re5 Kb6 33.Kb2 Kc6 34.c3 Kb6 35.Kc2 Kc6
36.Kd2 Kd6 37.Ke2 Kc6 38.Ke3 Kb6 39.Ke4 Bb3 40.Re8  1-0

[Event "Autumn Open"]
[Site "St Petersburg RUS"]
[Date "2005.11.05"]
[Round "8"]
[White "Ivanov,Al3"]
[Black "Turikov,V"]
[Result "1-0"]
[WhiteElo "2312"]
[BlackElo "2353"]

1.e4 d6 2.d4 Nf6 3.Nc3 c6 4.f4 Qa5 5.Bd3 e5 6.Nf3 Nbd7 7.O-O Be7 8.Be3 O-O
9.Qe1 Re8 10.Kh1 Bd8 11.a3 exd4 12.b4 Qh5 13.Nxd4 Ng4 14.Bg1 Bf6 15.h3 Bxd4
16.Bxd4 Ngf6 17.Qg3 Qh6 18.e5 Nh5 19.Qf3 Nf8 20.exd6 Qxd6 21.Bc5 Qh6 22.Rae1 Bd7
23.Rxe8 Rxe8 24.Bxa7 Ng6 25.Ne4 Nh4 26.Qf2 Nf5 27.Kh2 Nf6 28.Nxf6+ Qxf6 29.Bc5 Qe6
30.a4 h5 31.Qf3 h4 32.Bf2 Qf6 33.Re1 Rxe1 34.Bxe1 Qd6 35.Qe4 g5 36.Qe5 Qxe5
37.fxe5 Kg7 38.Bd2 Kh6 39.c4 Ng3 40.b5 Bf5 41.Bxf5 Nf1+ 42.Kg1 Nxd2 43.bxc6 bxc6
44.a5 Nxc4 45.a6 Kg7 46.a7 Nb6 47.Kf2 c5 48.Be4 f6 49.exf6+ Kxf6 50.Kf3  1-0

[Event "9th Bavarian Open"]
[Site "Bad Wiessee GER"]
[Date "2005.11.06"]
[Round "9"]
[White "Forchert,M"]
[Black "Lorscheid,G"]
[Result "1/2-1/2"]
[WhiteElo "2402"]
[BlackElo "2262"]

1.e4 d6 2.d4 Nf6 3.Nc3 e5 4.f4 exd4 5.Qxd4 Nc6 6.Bb5 Be7 7.Nf3 O-O 8.Qf2 d5
9.e5 Ne4 10.Nxe4 dxe4 11.Bxc6 bxc6 12.Nd4 Qd5 13.O-O f6  1/2-1/2

[Event "TCh-BEL 2005-6"]
[Site "Belgium BEL"]
[Date "2005.11.06"]
[Round "3"]
[White "Dgebuadze,A"]
[Black "Wuts,F"]
[Result "1/2-1/2"]
[WhiteElo "2535"]
[BlackElo "2321"]

1.e4 d6 2.d4 Nf6 3.Nc3 c6 4.Nf3 Bg4 5.h3 Bh5 6.Qe2 e6 7.d5 e5 8.Be3 Be7 9.O-O-O Nbd7
10.dxc6 bxc6 11.Kb1 O-O 12.Bc1 Rb8 13.g4 Bg6 14.Bg2 Qa5 15.Ka1 Nc5 16.Nh4 Rb6
17.Nf5 Bxf5 18.exf5 Rfb8 19.Qd2 Ra6 20.a3 Qb6 21.Qe3 d5 22.Nb1 Bd6 23.g5 d4
24.Qe2 d3 25.Rxd3 Nxd3 26.Qxd3 Nd5 27.Bxd5 cxd5 28.g6 d4 29.gxf7+ Kxf7 30.Qc4+ Kf8
31.f6 Bxa3 32.fxg7+ Kxg7 33.Rg1+ Kh8 34.Nxa3 Rxa3+ 35.Kb1 Qa5 36.c3 d3 37.Qxd3 Ra1+
38.Kc2 Qa4+ 39.Kd2 Qf4+ 40.Qe3 Rd8+ 41.Ke2 Qc4+ 42.Ke1 Qd5 43.Ke2 e4 44.f3 Qc4+
45.Kf2 Rf8 46.Rg3 Qd5 47.Qh6 Rf7 48.Bg5 Qe5 49.f4 Rb1 50.b4 e3+ 51.Rxe3 Rf1+
52.Kxf1 Qxe3 53.Bf6+ Kg8 54.Qg5+ Kf8 55.Kg2 Qe2+ 56.Kg3 Qe3+ 57.Kg2 Qe2+  1/2-1/2

[Event "TCh-CZE Extraliga 2005-6"]
[Site "Czech Rep CZE"]
[Date "2005.11.06"]
[Round "4"]
[White "Novak,Pa"]
[Black "Spacek,P"]
[Result "1/2-1/2"]
[WhiteElo "2345"]
[BlackElo "2399"]

1.e4 d6 2.d4 Nf6 3.Nc3 e5 4.Nf3 Nbd7 5.Bc4 Be7 6.O-O O-O 7.Re1 c6 8.a4 a5
9.b3 Qc7 10.Ba3 Nb6 11.Be2 Re8 12.h3 h6 13.Qd2 Be6 14.Rad1 Rad8 15.Bd3 Nbd7
16.Ne2 Nf8 17.Qc3 Ng6 18.Ng3 Bf8 19.Bf1 Bc8 20.Rd2 exd4  1/2-1/2

[Event "TCh-CZE Extraliga 2005-6"]
[Site "Czech Rep CZE"]
[Date "2005.11.06"]
[Round "4"]
[White "Bindrich,F"]
[Black "Orsag,Mil1"]
[Result "1-0"]
[WhiteElo "2391"]
[BlackElo "2408"]

1.e4 d6 2.d4 Nf6 3.Nc3 e5 4.Nf3 Nbd7 5.Bc4 Be7 6.O-O O-O 7.a4 c6 8.Qe2 exd4
9.Nxd4 Re8 10.Ba2 Bf8 11.Qf3 Ne5 12.Qd1 Ng6 13.Re1 h6 14.h3 Qc7 15.Bd2 Bd7
16.Qf3 Be7 17.Nf5 Bxf5 18.Qxf5 Ne5 19.Re3 Nh7 20.Re2 Bg5 21.h4 g6 22.Qh3 Bxd2
23.Rxd2 h5 24.Rad1 Rad8 25.Kh1 Kg7 26.f3 Nf6 27.Qg3 a6 28.Ne2 b5 29.axb5 axb5
30.Nd4 Kh7 31.Qg5 Qe7 32.Re2 Ra8 33.Bb1 b4 34.c3 bxc3 35.bxc3 c5 36.Nc2 Qe6
37.Ne3 Ra1 38.Nd5 Ng8 39.Ra2 Rxa2 40.Bxa2 Ra8 41.Rd2 Ra3 42.Nc7 Qf6 43.Qxf6 Nxf6
44.Nb5 Ra4 45.Nxd6 c4 46.f4 Nd3 47.g3 Ng4 48.Nxf7 Ra3 49.Ng5+ Kg7 50.Bxc4 Ra1+
51.Kg2 Ne1+ 52.Kh3 Rc1 53.Rd7+ Kf8 54.Be2 Nf2+ 55.Kh2 Rc2 56.Kg1 Nxe4 57.Nxe4 Rxe2
58.Ng5 Nc2 59.Rd6 Re3 60.Kf2 Rxc3 61.Rxg6 Ne3 62.Ne4 Ra3 63.Re6 Ng4+ 64.Ke2 Kf7
65.f5 Kg7 66.Rg6+ Kf8 67.Re6 Re3+ 68.Kd2 Rf3 69.f6 Kf7 70.Ng5+  1-0

[Event "WJun"]
[Site "Instanbul TUR"]
[Date "2005.11.09"]
[Round "1"]
[White "Kuderinov,K"]
[Black "Yagiz,Y"]
[Result "1-0"]
[WhiteElo "2432"]
[BlackElo "2206"]

1.e4 d6 2.d4 Nf6 3.Nc3 Nbd7 4.f4 e5 5.Nf3 exd4 6.Nxd4 c6 7.Bd3 g6 8.Be3 Bg7
9.Qf3 Nc5 10.h3 Nxd3+ 11.cxd3 Nd7 12.O-O O-O 13.Nde2 b5 14.a3 Bb7 15.d4 a5
16.e5 b4 17.axb4 axb4 18.Nb5 d5 19.Nd6 Ba6 20.Rfc1 f6 21.Rxc6 Bxe2 22.Qxd5+ Kh8
23.Re1 fxe5 24.dxe5 Ba6 25.Nf7+ Rxf7 26.Qxf7 Bb5 27.Rd6 Qg8 28.Rxd7 Bxd7
29.Qxd7 Rd8 30.Qb5 Rb8 31.Qc6 Rc8 32.Qe4 Rc4 33.Qd3 Bf8 34.e6 Rc8 35.Bd4+ Bg7
36.Bxg7+ Qxg7 37.Qd7 Qg8 38.Qd4+ Qg7 39.Qxg7+ Kxg7 40.e7 Kf7 41.e8=Q+ Rxe8
42.Rxe8 Kxe8 43.Kf2 Kd7 44.Ke3 Ke6 45.Ke4 h5 46.g4 hxg4 47.hxg4 Kf6 48.b3  1-0

[Event "WJun Girls"]
[Site "Instanbul TUR"]
[Date "2005.11.10"]
[Round "2"]
[White "Khukhashvili,S"]
[Black "Bashkite,V"]
[Result "1-0"]
[WhiteElo "2362"]
[BlackElo "2173"]

1.e4 d6 2.d4 Nf6 3.Nc3 e5 4.dxe5 dxe5 5.Qxd8+ Kxd8 6.Bg5 Be6 7.O-O-O+ Kc8
8.f3 c6 9.g3 Nbd7 10.f4 exf4 11.gxf4 Bg4 12.Be2 Bb4 13.h3 Bxe2 14.Ngxe2 Re8
15.Bxf6 Nxf6 16.e5 Nd7 17.Nd4 Bxc3 18.bxc3 g6 19.Nf3 Re7 20.h4 h5 21.Rd4 Kc7
22.Rhd1 b5 23.Rd6 Nb6 24.Nd4 Rd7 25.Nxc6 Rxd6 26.Rxd6 Na4 27.Nd4 Rb8 28.Rf6 Rb6
29.Rxf7+ Kd8 30.Kd2 a6 31.Rg7 Nc5 32.e6 Ne4+ 33.Kd3 Nf2+ 34.Ke2 Ne4 35.Rxg6 Nxc3+
36.Kf3 Nd5 37.f5 Ne7 38.Rh6 Rd6 39.f6 Rxd4 40.Rh8+  1-0

[Event "WJun Girls"]
[Site "Instanbul TUR"]
[Date "2005.11.10"]
[Round "2"]
[White "Bensdorp,L"]
[Black "Chierici,M"]
[Result "0-1"]
[WhiteElo "2090"]
[BlackElo "1960"]

1.e4 d6 2.d4 Nf6 3.Nc3 Nbd7 4.Nf3 e5 5.Bc4 Be7 6.O-O O-O 7.Re1 c6 8.a4 Qc7
9.h3 b6 10.b3 Bb7 11.Bb2 Rad8 12.Bd3 exd4 13.Nxd4 Rfe8 14.Nf5 Bf8 15.Qd2 Ne5
16.Bf1 Bc8 17.Qg5 Bxf5 18.Qxf5 Re6 19.Qg5 Nfd7 20.Rad1 Nf3+ 21.gxf3 Rg6 22.Qxg6 hxg6
23.Bg2 Be7 24.Ne2 Nf6 25.f4 Nd7 26.Rd3 Nc5 27.Re3 Nb7 28.Rd1 c5 29.Nc3 Bf8
30.Nb5 Qb8 31.Rd5 a6 32.Na3 Na5 33.Bf1 Nc6 34.c4 Nb4 35.Rd2 Nc6 36.Bc3 Be7
37.Bg2 Na7 38.Nc2 b5 39.axb5 axb5 40.Red3 bxc4 41.bxc4 Qb6 42.Ne3 Bh4 43.Rb2 Qa6
44.Rdd2 Qa3 45.Rdc2 Qa4 46.Ra2 Qd7 47.Rcb2 Nc8 48.Ra1 Ne7 49.Rab1 Qa4 50.Bf3 Nc6
51.Rd2 Nb4 52.Kg2 Qa3 53.Nd1 Be7 54.Ra1 Qb3 55.Be2 Nc2 56.Rc1 Na3 57.Rb2 Qa4
58.Ne3 Ra8 59.Ra1 Bf6 60.Bxf6 gxf6 61.f3 Qa5 62.Rb3 Qd2 63.Kf2 Qa5 64.Ra2 Kg7
65.Bd1 Qa4 66.Rb8 Qa5 67.Rxa8 Qxa8 68.Nc2 Qh8 69.Nxa3 Qxh3 70.Ke3 Qg3 71.Rf2 Qg1
72.Ke2 Qg3  0-1

[Event "4NCL 2006-07"]
[Site "Coventry ENG"]
[Date "2005.11.11"]
[Round "3"]
[White "Ledger,A"]
[Black "Shaw,J"]
[Result "0-1"]
[WhiteElo "2411"]
[BlackElo "2473"]

1.e4 d6 2.d4 Nf6 3.Nc3 e5 4.dxe5 dxe5 5.Qxd8+ Kxd8 6.Bc4 Ke8 7.Nf3 Bd6 8.O-O a6
9.a4 Nc6 10.Ng5 Rf8 11.Nd5 Nxd5 12.exd5 Na5 13.Bd3 h6 14.Ne4 Be7 15.Bd2 b6
16.Rae1 f5 17.Ng3 e4 18.Be2 Nb7 19.Bh5+ Kd8 20.Bc3 Bf6 21.Ne2 Bxc3 22.Nxc3 Nd6
23.b3 Bd7 24.Bd1 b5 25.f3 exf3 26.Bxf3 bxa4 27.Nxa4 Bxa4 28.bxa4 Rb8 29.Be2 a5
30.Rb1 Kd7 31.Bd3 g6 32.c3 Rfe8 33.Rxb8 Rxb8 34.g4 fxg4 35.Bxg6 Rb3 36.Bh5 g3
37.hxg3 Rxc3 38.Kg2 Ne4 39.g4 Kd6 40.Bg6 Rg3+ 41.Kh2 Rxg4 42.Be8 Rh4+ 43.Kg2 Nc3
44.Rf6+ Ke5 45.Ra6 Nxa4 46.Kg3 Rd4 47.Rxa5 Nb6 48.Rc5 Rc4 49.Rc6 Rxc6 50.dxc6 Nd5
51.Bh5 Kd6 52.Bf3 Kxc6 53.Kh4 Kd6 54.Kh5 c5 55.Kxh6 Nf4 56.Bd1 c4 57.Kg5 Ke5
58.Ba4 Ke4 59.Bd7 Ke3 60.Kg4 Nd3  0-1

[Event "1st GM"]
[Site "Scanno ITA"]
[Date "2005.11.11"]
[Round "6"]
[White "Abergel,T"]
[Black "Varga,Zo"]
[Result "1/2-1/2"]
[WhiteElo "2436"]
[BlackElo "2525"]

1.e4 d6 2.d4 Nf6 3.Nc3 e5 4.Nf3 Nbd7 5.g4 Nxg4 6.Rg1 exd4 7.Nxd4 Nde5 8.h3 Nf6
9.f4 Ng6 10.Be3 c5 11.Nf3 Bd7 12.Bc4 b5 13.Nxb5 d5 14.exd5 a6 15.Nc3 Bd6
16.Ne5 O-O 17.Nxg6 Be5  1/2-1/2

[Event "British Rapidplay"]
[Site "Halifax ENG"]
[Date "2005.11.12"]
[Round "6"]
[White "Wells,P"]
[Black "Woolley,J"]
[Result "1-0"]
[WhiteElo "2513"]
[BlackElo "2082"]

1.d4 d6 2.e4 Nf6 3.Nc3 Nbd7 4.g4 e5 5.g5 exd4 6.Qxd4 Ng8 7.h4 Ne7 8.f4 Nc6
9.Qf2 Nb6 10.Be3 Be6 11.O-O-O h6 12.Nf3 hxg5 13.Nxg5 Be7 14.Nxe6 fxe6 15.Qg3 Bxh4
16.Qxg7 Rf8 17.Nb5 Be7 18.Bh3 a6 19.Bxe6 Qb8 20.Rxd6 Bxd6 21.Nxd6+  1-0

[Event "ch-Africa"]
[Site "Lusaka ZAM"]
[Date "2005.11.13"]
[Round "8"]
[White "El Gindy,E"]
[Black "Belkhodja,S"]
[Result "1/2-1/2"]
[WhiteElo "2524"]
[BlackElo "2490"]

1.d4 d6 2.e4 Nf6 3.Nc3 Nbd7 4.f4 e5 5.Nf3 exd4 6.Qxd4 c6 7.Be3 d5 8.e5 Ng4
9.Bg1 Nh6 10.O-O-O Nc5 11.Qd2 Bg4 12.Be2 Nf5 13.h3 Bxf3 14.Bxf3 h5 15.Bf2 h4
16.Ne2 Qc7 17.Kb1 g6 18.Qc3 Na4 19.Qb3 Nc5 20.Qc3 Na4 21.Qd2 Bc5 22.Bxc5 Nxc5
23.Qc3 Qb6 24.Rhe1 O-O 25.Nd4 Na4 26.Qa3 Nxd4 27.Qxa4 Nf5 28.Qa3 Rfe8 29.g4 Ng3
30.f5 Rad8 31.Qd3 Qc7 32.fxg6 fxg6 33.Qxg6+ Qg7 34.Qxg7+ Kxg7 35.c3 Kf7 36.c4 d4
37.c5 Kg6 38.Kc2 Kg5 39.Bg2  1/2-1/2

[Event "WJun Girls"]
[Site "Instanbul TUR"]
[Date "2005.11.14"]
[Round "6"]
[White "Muhren,B"]
[Black "Chierici,M"]
[Result "1-0"]
[WhiteElo "2260"]
[BlackElo "1960"]

1.e4 d6 2.d4 Nf6 3.Nc3 e5 4.Nf3 Nbd7 5.Bc4 Be7 6.O-O O-O 7.Re1 c6 8.a4 Qc7
9.b3 b6 10.d5 Bb7 11.dxc6 Bxc6 12.Bg5 Rfe8 13.Bxf6 Bxf6 14.Nd5 Bxd5 15.Qxd5 Nf8
16.a5 Ne6 17.axb6 Qxb6 18.Ra6 Qb4 19.Qxd6 Nc5 20.c3 Be7 21.cxb4 Bxd6 22.Rxd6  1-0

[Event "WJun Girls"]
[Site "Instanbul TUR"]
[Date "2005.11.16"]
[Round "7"]
[White "Zdebskaja,N"]
[Black "Ursic,Sim"]
[Result "1-0"]
[WhiteElo "2390"]
[BlackElo "2040"]

1.d4 d6 2.e4 Nf6 3.Nc3 Nbd7 4.f4 e5 5.Nf3 exd4 6.Qxd4 c6 7.Be3 Be7 8.O-O-O O-O
9.e5 Ng4 10.Bg1 dxe5 11.fxe5 Nb6 12.Qe4 Qc7 13.h3 f5 14.Bxb6 axb6 15.Qc4+ Kh8
16.hxg4 fxg4 17.Nd5 b5 18.Nxc7 bxc4 19.Nxa8 gxf3 20.Nb6 Bg4 21.Rd4 Bg5+ 22.Kb1 Bf5
23.Nxc4 b5 24.Nd6 Bxc2+ 25.Kxc2 fxg2 26.Bxg2 Rf2+ 27.Kb3 Rxg2 28.Nf7+ Kg8
29.Nxg5  1-0

[Event "WJun Girls"]
[Site "Instanbul TUR"]
[Date "2005.11.16"]
[Round "7"]
[White "Gevorgyan,I"]
[Black "Frank Nielsen,M"]
[Result "1-0"]
[WhiteElo "2099"]
[BlackElo "1919"]

1.e4 d6 2.d4 Nf6 3.Nc3 Nbd7 4.f4 e5 5.Nf3 exd4 6.Nxd4 Nc5 7.Bd3 Bg4 8.Nf3 Be7
9.O-O c6 10.Be3 Qc7 11.a4 a5 12.Bxc5 dxc5 13.e5 Nd7 14.Qe1 O-O-O 15.h3 Bxf3
16.Rxf3 g5 17.Bf5 Kb8 18.Bxd7 Rxd7 19.f5 h5 20.f6 Bf8 21.e6 fxe6 22.Qxe6 Rd6
23.Qe8+ Rd8 24.Qg6 g4 25.Rd3 Bd6 26.Rf1 c4 27.Rdd1 Rdg8 28.Qf5 gxh3 29.Qxh3 Rg3
30.Qh4 Rhg8 31.Rd2 Bc5+ 32.Kh1 Qe5 33.f7 R8g4 34.Qd8+  1-0

[Event "WJun"]
[Site "Instanbul TUR"]
[Date "2005.11.17"]
[Round "8"]
[White "Smeets,J"]
[Black "Nyback,T"]
[Result "1/2-1/2"]
[WhiteElo "2531"]
[BlackElo "2563"]

1.e4 d6 2.d4 Nf6 3.Nc3 e5 4.dxe5 dxe5 5.Qxd8+ Kxd8 6.Bc4 Be6 7.Bxe6 fxe6
8.f3 Bd6 9.Nh3 Nc6 10.Nb1 Ke7 11.Nf2 h6 12.c3 Rag8 13.Be3 g5 14.Nd2 g4 15.fxg4 Nxg4
16.Nxg4 Rxg4 17.O-O a6 18.h3 Rg6 19.g4 Nb8 20.Nf3 Nd7 21.Bf2 Nf6 22.Rae1 Nh5
23.Nh4 Rg7 24.Ng2 Rhg8 25.Re2 Ke8 26.Bh4 Nf4 27.Nxf4 exf4 28.Bf6 Rf7 29.e5 Rxf6
30.exf6 Kf7 31.Kg2 Kxf6 32.Kf3 e5 33.h4 Ke6 34.Rfe1 a5 35.Re4 Kf6 36.Rg1 b6
37.Rg2 Ke6 38.g5 hxg5 39.Rxg5 Rxg5 40.hxg5 Kf5 41.b4 axb4 42.cxb4 b5 43.g6 Kxg6
44.Kg4 Kf6 45.a3 Ke6 46.Re1 Kd5 47.Kf3 c5 48.Rd1+ Kc6 49.bxc5 Bxc5 50.Ke4 Bd4
51.Rb1 Kc5 52.Rb3 Ba1 53.Rb1 Bc3 54.Kd3 Ba5 55.Ke4 Bc7 56.Rc1+ Kd6  1/2-1/2

[Event "WJun"]
[Site "Instanbul TUR"]
[Date "2005.11.18"]
[Round "9"]
[White "Cil,H"]
[Black "Laval,B"]
[Result "1-0"]
[WhiteElo "2067"]
[BlackElo "2214"]

1.e4 d6 2.d4 Nf6 3.Nc3 Nbd7 4.Nf3 e5 5.Bc4 Be7 6.dxe5 dxe5 7.Ng5 O-O 8.Bxf7+ Rxf7
9.Ne6 Qe8 10.Nxc7 Qd8 11.Nxa8 b6 12.Be3 Ba6 13.Nxb6 axb6 14.f3 Qc7 15.Qd2 Bb4
16.a3 Bf8 17.O-O-O b5 18.Nd5 Nxd5 19.Qxd5 b4 20.axb4 Bxb4 21.Qa8+ Bc8 22.Rd3 Rf8
23.Rhd1 Nf6 24.Qa4 Qe7 25.c3 Bc5 26.Qc4+ Be6 27.Qxc5 Qb7 28.Rd8 Nd7 29.R1xd7  1-0

[Event "4NCL 2005-06"]
[Site "Birmingham ENG"]
[Date "2005.11.19"]
[Round "3"]
[White "Granat,R"]
[Black "Flower,D"]
[Result "0-1"]
[WhiteElo "2262"]
[BlackElo "2115"]

1.e4 d6 2.d4 Nf6 3.Nc3 e5 4.Nf3 Nbd7 5.Bc4 Be7 6.dxe5 dxe5 7.O-O O-O 8.Qe2 c6
9.a4 a5 10.h3 Qc7 11.Ng5 Nb6 12.Bxf7+ Rxf7 13.Nxf7 Kxf7 14.f4 Be6 15.b3 Kg8
16.f5 Bc5+ 17.Be3 Bxe3+ 18.Qxe3 Bf7 19.g4 Nbd7 20.Rad1 h6 21.Rf2 b6 22.g5 hxg5
23.Qxg5 Nh5 24.Rfd2 Ndf6 25.Kh2 b5 26.axb5 cxb5 27.Nxb5 Qc6 28.Nd6 Nxe4 29.Qg2 Nhf6
30.Nxf7 Kxf7 31.Rd6 Qc7 32.R6d3 Rc8 33.c4 Kf8 34.Rg1 Nc5 35.Rg3 e4 36.Kh1 Ne8
37.f6 gxf6 38.Rg8+ Ke7 39.Qd2 Qe5 40.Qh6 Qf5 41.Qf8+ Ke6 42.R8g3 Nd6 43.Qh6 Rb8
44.Qg7 Nd3 45.Kh2 Ne5 46.Qa7 Rb7 47.Qd4 Nc6 48.Qd2 Qe5 49.Rd1 Ne7 50.Kg2 Nef5
51.Rg4 Rxb3  0-1

[Event "TCh-BEL 2005-6"]
[Site "Belgium BEL"]
[Date "2005.11.20"]
[Round "4"]
[White "Sprenger,J"]
[Black "Lobzhanidze,D"]
[Result "1-0"]
[WhiteElo "2505"]
[BlackElo "2462"]

1.e4 d6 2.d4 Nf6 3.Nc3 e5 4.Nf3 Nbd7 5.Bc4 Be7 6.O-O O-O 7.Re1 c6 8.a4 a5
9.Ba2 exd4 10.Nxd4 Nc5 11.Bf4 Be6 12.Nxe6 fxe6 13.e5 Nd5 14.Nxd5 exd5 15.exd6 Bxd6
16.Bxd5+ Kh8 17.Bxd6 Qxd6 18.Bf3 Qf4 19.Qc1 Qb4 20.Qe3 h6 21.b3 Rae8 22.Qxe8 Rxe8
23.Rxe8+ Kh7 24.Rd1 Qc3 25.h4 h5 26.Re2 Qf6 27.Bxh5 Qxh4 28.Bf3 Qf4 29.Re3 Qf6
30.Be2 g6 31.g3 Kg7 32.Bc4 Qb2 33.Re2 Qc3 34.Kg2 Qf6 35.Re8 g5 36.Rg8+  1-0

[Event "WJun Girls"]
[Site "Instanbul TUR"]
[Date "2005.11.20"]
[Round "11"]
[White "Reppen,E"]
[Black "Frank Nielsen,M"]
[Result "1/2-1/2"]
[WhiteElo "1850"]
[BlackElo "1919"]

1.e4 d6 2.d4 Nf6 3.Nc3 Nbd7 4.Nf3 e5 5.dxe5 dxe5 6.Bd3 Be7 7.h3 c6 8.Be3 Qc7
9.O-O h6 10.Ne2 Nc5 11.Ng3 Be6 12.Qe2 O-O-O 13.a3 g5  1/2-1/2